Welcome to CU Library Online Public Access Catalogue (OPAC)

A SPECTATOR'S GUIDE TO JESUS; (Record no. 6868)

MARC details
000 -LEADER
fixed length control field 00414nam a22001457a 4500
005 - DATE AND TIME OF LATEST TRANSACTION
control field 20250708151411.0
008 - FIXED-LENGTH DATA ELEMENTS--GENERAL INFORMATION
fixed length control field 250708b |||||||| |||| 00| 0 eng d
020 ## - INTERNATIONAL STANDARD BOOK NUMBER
International Standard Book Number 9781921137501
050 ## - LIBRARY OF CONGRESS CALL NUMBER
Classification number BS2415
Item number DIC
100 ## - MAIN ENTRY--PERSONAL NAME
Personal name DICKSON JOHN
245 ## - TITLE STATEMENT
Title A SPECTATOR'S GUIDE TO JESUS;
Remainder of title AN INTRODUCTION TO THE MAN FROM NAZARETH
260 ## - PUBLICATION, DISTRIBUTION, ETC.
Place of publication, distribution, etc. AUSTRALIA
Name of publisher, distributor, etc. BLUE BOTTLE BOOKS
Date of publication, distribution, etc. c2005
300 ## - PHYSICAL DESCRIPTION
Extent vi, 162p
942 ## - ADDED ENTRY ELEMENTS (KOHA)
Source of classification or shelving scheme Library of Congress Classification
Koha item type Books
Suppress in OPAC No
999 ## -
-- 6868
-- 6868
Holdings
Withdrawn status Lost status Source of classification or shelving scheme Damaged status Not for loan Collection Home library Current library Shelving location Date acquired Total checkouts Full call number Barcode Date last seen Copy number Price effective from Koha item type
    Library of Congress Classification     Non-fiction Undergraduate Library (Christ Temple) Undergraduate Library (Christ Temple) General stacks 07/08/2025   BS2415 DIC ulct00003713 07/08/2025 1 07/08/2025 Books
    Library of Congress Classification     Non-fiction Undergraduate Library (Christ Temple) Undergraduate Library (Christ Temple) General stacks 07/08/2025   BS2415 DIC ulct00003714 07/08/2025 2 07/08/2025 Books
© 2023-2024 Copyright: Central University Libraries. All Rights Reserved | Created by: Mahone Tech Office